The Western invasions of the Pacific and its continents ; a study of moving frontiers and changing landscapes /

Bibliographic Details
Main Author: Price, A. Grenfell (Archibald Grenfell), 1892-1977
Format: Book
Language:English
Published: Oxford : Clarendon Press, 1963.
Subjects:

MARC

Tag First Indicator Second Indicator Subfields
LEADER 00000cam a2200000 4500
001 in00000068670
005 20151008050250.0
008 750910s1963 enk b 00000 eng
010 |a  63002946  
035 |a (OCoLC)01615222 
035 |9 AAG0210AM 
040 |a DLC  |c TOL  |d TOL  |d TXA  |d UtOrBLW 
049 |a TXAM  |c [407524] 
050 0 |a JV61  |b .P68 
092 |a 325.309  |b P945w 
100 1 |a Price, A. Grenfell  |q (Archibald Grenfell),  |d 1892-1977. 
245 1 4 |a The Western invasions of the Pacific and its continents ;  |b a study of moving frontiers and changing landscapes /  |c 1513-1958. 
264 1 |a Oxford :  |b Clarendon Press,  |c 1963. 
300 |a 236 pages :  |b illustrations ;  |c 22 cm. 
336 |a text  |b txt  |2 rdacontent 
337 |a unmediated  |b n  |2 rdamedia 
338 |a volume  |b nc  |2 rdacarrier 
504 |a Includes bibliography. 
650 0 |a Colonies  |x History. 
999 |a MARS 
999 f f |s 31fa13ca-8b57-3849-b570-4a8d3557a748  |i 4b7e20c6-fd0c-3a6c-bbee-3f0998ca553e  |t 0 
952 f f |p ric  |a Texas A&M University  |b Rellis Campus  |c Joint Library Facility  |d Remote Storage  |t 0  |e JV61 .P68  |h Library of Congress classification  |i unmediated -- volume  |m A14800671395 
998 f f |a JV61 .P68  |t 0  |l Remote Storage